000 00706nam a2200217Ia 4500
001 15171
003 GE_BSU
008 181216s||||||||xx |||||||||||||| ||und||
040 _cGE_BSU
080 _a821.353.1-32
100 _aშავლიაშვილი, მედეა
245 _aშუა გზაზე
245 _bმოთხრობები
245 _cრედ:ა.ადამია; მხატვ:მ.მალაზონია
260 _aთბილისი
260 _bლიტერატურა და ხელოვნება
260 _c1966
300 _a18გვ;ფოტო;16სმ.
653 _aმოთხრობები
942 _cBK
999 _c48286
_d48286